المحافظون : (Record no. 14542)
[ view plain ]
| 000 -الفاتح | |
|---|---|
| حقل البيانات ثابتة الطول | 00997nam a22001817a 4500 |
| 008 - عناصر البيانات ثابتة الطول - معلومات عامة | |
| حقل البيانات ثابتة الطول | 100725t2001 xxu||||| |||| 00| 0 ara d |
| 020 ## - الرقم الدولى المعيارى للكتب | |
| الرقم الدولى المعيارى للكتاب | 9770175633 |
| 082 ## - رقم تصنيف ديوى العشرى | |
| رقم الطبعة | 22 |
| رقم المادة | ج و ا |
| رقم التصنيف | 350.0031 |
| 100 1# - المدخل الرئيسى - إسم شخصى | |
| 9 (RLIN) | 16775 |
| الإسم الشخصى | الجوادي، محمد |
| 245 ## - بيان العنوان | |
| العنوان | المحافظون : |
| بقية العنوان | قوائم كاملة وترتيبية وفهارس تفصيلية وأبجدية وزمنية ودراسة لتسلسل وتطور اختيار المحافظين منذ بدء نظام الإدارة المحلية (1960-2001 ) / |
| بيان المسئوليه,etc | محمد الجوادى . |
| 260 ## - PUBLICATION, DISTRIBUTION, ETC. (IMPRINT) | |
| مكان الناشر او الموزع | القاهرة : |
| اسم الناشر او الموزع | الهيئة المصرية العامة للكتاب ، |
| تاريخ النشر أو التوزيع | 2001. |
| 300 ## - الوصف المادى | |
| التعداد | 495 ص : |
| أبعاد الوعاء | 24 سم. |
| 500 ## - تبصرة عامة | |
| تبصرة عامة | يحتوي علي فهارس |
| 541 ## - تبصرة المصدر المباشر للتزويد | |
| مصدر التزويد | ألف باء ؛ |
| طريقة التزويد | شراء ؛ |
| 650 0# - المدخل الاضافى بالموضوع-مصطلح موضوعى | |
| 9 (RLIN) | 16819 |
| مصطلح موضوعي أو اسم جغرافي كعنصر مدخل | رجال الدولة |
| 942 ## - عناصر المدخل الإضافي( كوها) | |
| مصدر التصنيف او مخطط الترفيف | Dewey Decimal Classification |
| Koha [default] item type | Book - Borrowing |
| حالة التراجع | حالة الفقد | مصدر التصنيف او خطة الترفيف | حالة تلف | ليس للاعارة | مجموعات كوها | المكان الدائم | المكان الحالي | موقع الترفيف | تاريخ الاكتساب | Source of acquisition | رقم الاستدعاء | الباركود | Date last seen | نوع الوعاء |
|---|---|---|---|---|---|---|---|---|---|---|---|---|---|---|
| Dewey Decimal Classification | Alef-Baa | Central Library | Central Library | First floor | 25/07/2010 | 350.0031 ا ل ج | 000021489 | 15/07/2025 | Book - Borrowing |